[Event "Williamson Sheild 2026"]
[Site "Maynard Sinclaire Pavilion, Stormont, Belfast, United Kingdom"]
[Date "2026.01.23"]
[Round "1.1"]
[White "Tahmanker, Mandar"]
[Black "Logan, Tony"]
[Result "1-0"]
[TimeControl "60' + 30\""]
[WhiteFideId "5019400"]
[BlackFideId "2542641"]
[WhiteElo "2081"]
[BlackElo "1726"]

1. d4 {[%clk 01:00:36]} {[%emt 00:00:22]} Nf6 {[%clk 01:00:41]} {[%emt
00:00:19]} 2. Nf3 {[%clk 01:00:56]} {[%emt 00:00:37]} d5 {[%clk 01:01:02]} 3.
c4 {[%clk 01:01:00]} {[%emt 00:00:09]} c6 {[%clk 01:01:12]} {[%emt 00:00:26]} 4.
g3 {[%clk 01:01:13]} {[%emt 00:00:13]} e6 {[%clk 01:01:15]} {[%emt 00:00:31]} 5.
Bg2 {[%clk 01:01:31]} {[%emt 00:00:06]} Be7 {[%clk 01:01:26]} {[%emt 00:00:40]}
6. O-O {[%clk 01:01:49]} O-O {[%clk 01:01:50]} {[%emt 00:00:08]} 7. b3 {[%clk
01:01:56]} {[%emt 00:00:15]} b6 {[%clk 01:01:11]} {[%emt 00:01:09]} 8. Bb2
{[%clk 01:01:50]} {[%emt 00:00:37]} Bb7 {[%clk 01:01:30]} {[%emt 00:00:10]} 9.
Nbd2 {[%clk 01:01:50]} {[%emt 00:00:27]} Nbd7 {[%clk 01:01:46]} {[%emt
00:00:15]} 10. Re1 {[%clk 01:01:30]} {[%emt 00:00:48]} Rc8 {[%clk 01:01:29]}
{[%emt 00:00:48]} 11. Ne5 {[%clk 00:58:07]} {[%emt 00:03:53]} Bd6 {[%clk
01:00:27]} {[%emt 00:01:31]} 12. e4 {[%clk 00:52:26]} {[%emt 00:06:11]} Bb4
{[%clk 00:59:04]} {[%emt 00:01:54]} 13. Nxd7 {[%clk 00:35:27]} {[%emt
00:17:26]} Qxd7 {[%clk 00:58:40]} {[%emt 00:01:05]} 14. e5 {[%clk 00:35:42]}
{[%emt 00:00:06]} Ne8 {[%clk 00:58:54]} {[%emt 00:00:46]} 15. a3 {[%clk
00:35:38]} {[%emt 00:00:06]} Bxd2 {[%clk 00:59:11]} {[%emt 00:00:12]} 16. Qxd2
{[%clk 00:36:06]} {[%emt 00:00:05]} g6 {[%clk 00:59:26]} {[%emt 00:00:12]} 17.
a4 {[%clk 00:36:18]} {[%emt 00:00:19]} Nc7 {[%clk 00:54:06]} {[%emt 00:05:46]}
18. a5 {[%clk 00:35:45]} {[%emt 00:01:04]} b5 {[%clk 00:54:02]} {[%emt
00:00:33]} 19. c5 {[%clk 00:35:13]} {[%emt 00:01:03]} a6 {[%clk 00:54:05]}
{[%emt 00:00:27]} 20. h4 {[%clk 00:35:20]} {[%emt 00:00:43]} Ne8 {[%clk
00:53:56]} {[%emt 00:00:14]} 21. h5 {[%clk 00:33:07]} {[%emt 00:03:08]} Ng7
{[%clk 00:54:11]} {[%emt 00:00:05]} 22. hxg6 {[%clk 00:32:56]} {[%emt
00:00:58]} fxg6 {[%clk 00:54:27]} 23. g4 {[%clk 00:31:30]} {[%emt 00:01:43]}
Qf7 {[%clk 00:54:20]} {[%emt 00:00:37]} 24. Bc1 {[%clk 00:31:28]} {[%emt
00:00:33]} g5 {[%clk 00:53:26]} {[%emt 00:01:23]} 25. Ra2 {[%clk 00:31:05]}
{[%emt 00:00:54]} h6 {[%clk 00:53:48]} {[%emt 00:00:21]} 26. Qd3 {[%clk
00:30:58]} {[%emt 00:00:23]} Ne8 {[%clk 00:49:46]} {[%emt 00:04:31]} 27. Qh3
{[%clk 00:26:11]} {[%emt 00:05:17]} Qg6 {[%clk 00:48:38]} {[%emt 00:01:39]} 28.
Bf1 {[%clk 00:26:02]} {[%emt 00:01:04]} Rc7 {[%clk 00:48:26]} {[%emt 00:00:17]}
29. Bd3 {[%clk 00:25:43]} {[%emt 00:01:15]} Qg7 {[%clk 00:48:43]} {[%emt
00:00:04]} 30. Qh5 {[%clk 00:23:59]} {[%emt 00:01:57]} Rcf7 {[%clk 00:48:08]}
{[%emt 00:01:05]} 31. Bg6 {[%clk 00:22:45]} {[%emt 00:01:52]} Re7 {[%clk
00:47:42]} {[%emt 00:00:48]} 32. Kg2 {[%clk 00:22:20]} {[%emt 00:00:56]} Qh8
{[%clk 00:47:54]} {[%emt 00:00:31]} 33. Rh1 {[%clk 00:22:28]} {[%emt 00:00:30]}
Kg7 {[%clk 00:43:47]} {[%emt 00:04:14]} 34. Bxg5 {[%clk 00:22:06]} {[%emt
00:00:53]} hxg5 {[%clk 00:43:16]} {[%emt 00:01:13]} 35. Qxg5 {[%clk 00:22:33]}
Qxh1+ {[%clk 00:41:21]} {[%emt 00:02:58]} 36. Kxh1 {[%clk 00:23:00]} Rh8+
{[%clk 00:41:42]} 37. Kg2 {[%clk 00:23:01]} {[%emt 00:00:11]} Kf8 {[%clk
00:42:03]} 38. f4 {[%clk 00:21:24]} {[%emt 00:02:03]} 1-0

[ePGN "0.1;DGT LiveChess/2.2.7"]

[Event "Williamson Sheild 2026"]
[Site "Maynard Sinclaire Pavilion, Stormont, Belfast, United Kingdom"]
[Date "2026.01.23"]
[Round "1.2"]
[White "Crothers, Toby"]
[Black "Scannel, Steve"]
[Result "0-1"]
[TimeControl "60' + 30\""]
[WhiteFideId "2518046"]
[BlackFideId "2501104"]
[WhiteElo "1727"]
[BlackElo "2042"]

1. e4 {[%clk 01:00:57]} d6 {[%clk 01:00:36]} {[%emt 00:00:04]} 2. d4 {[%clk
01:01:10]} {[%emt 00:00:04]} e5 {[%clk 01:00:56]} {[%emt 00:00:06]} 3. dxe5
{[%clk 01:00:40]} {[%emt 00:01:22]} dxe5 {[%clk 01:01:21]} {[%emt 00:00:04]} 4.
Qxd8+ {[%clk 01:00:14]} {[%emt 00:00:33]} Kxd8 {[%clk 01:01:43]} {[%emt
00:00:34]} 5. Bc4 {[%clk 00:53:54]} {[%emt 00:06:33]} f6 {[%clk 00:59:59]}
{[%emt 00:02:03]} 6. Be3 {[%clk 00:50:26]} {[%emt 00:03:59]} Nd7 {[%clk
00:59:52]} {[%emt 00:00:54]} 7. Be6 {[%clk 00:46:15]} {[%emt 00:04:23]} c6
{[%clk 00:58:37]} {[%emt 00:01:45]} 8. Nd2 {[%clk 00:41:06]} {[%emt 00:05:39]}
Kc7 {[%clk 00:58:23]} {[%emt 00:00:55]} 9. O-O-O {[%clk 00:36:12]} {[%emt
00:05:15]} Nc5 {[%clk 00:58:05]} {[%emt 00:00:48]} 10. Bxc8 {[%clk 00:36:24]}
{[%emt 00:00:16]} Rxc8 {[%clk 00:58:09]} {[%emt 00:00:38]} 11. f3 {[%clk
00:32:26]} {[%emt 00:04:16]} b5 {[%clk 00:55:56]} {[%emt 00:02:43]} 12. Nb3
{[%clk 00:29:46]} {[%emt 00:03:37]} Ne6 {[%clk 00:55:41]} {[%emt 00:00:18]} 13.
Nh3 {[%clk 00:26:51]} {[%emt 00:03:24]} Nh6 {[%clk 00:53:16]} {[%emt 00:02:56]}
14. Rd2 {[%clk 00:24:09]} {[%emt 00:03:12]} Nf7 {[%clk 00:40:22]} {[%emt
00:13:29]} 15. Rhd1 {[%clk 00:20:43]} {[%emt 00:03:51]} Bd6 {[%clk 00:38:47]}
{[%emt 00:02:08]} 16. Nf2 {[%clk 00:18:37]} {[%emt 00:02:33]} c5 {[%clk
00:34:46]} {[%emt 00:04:31]} 17. Nd3 {[%clk 00:13:06]} {[%emt 00:06:09]} Kb8
{[%clk 00:27:55]} {[%emt 00:07:39]} 18. Na1 {[%clk 00:08:17]} {[%emt 00:04:56]}
c4 {[%clk 00:25:35]} {[%emt 00:02:47]} 19. Ne1 {[%clk 00:07:28]} {[%emt
00:01:24]} Rhd8 {[%clk 00:23:03]} {[%emt 00:02:57]} 20. c3 {[%clk 00:06:38]}
{[%emt 00:01:46]} Kb7 {[%clk 00:23:18]} {[%emt 00:00:05]} 21. Nac2 {[%clk
00:04:08]} {[%emt 00:02:44]} a5 {[%clk 00:22:05]} {[%emt 00:01:44]} 22. f4
{[%clk 00:02:48]} {[%emt 00:01:51]} exf4 {[%clk 00:20:26]} {[%emt 00:02:06]} 23.
Bg1 {[%clk 00:03:01]} {[%emt 00:00:48]} b4 {[%clk 00:16:03]} {[%emt 00:04:22]}
24. Rd5 {[%clk 00:02:35]} {[%emt 00:01:22]} bxc3 {[%clk 00:13:40]} {[%emt
00:02:26]} 25. Rxa5 {[%clk 00:01:57]} {[%emt 00:01:48]} cxb2+ {[%clk 00:13:51]}
{[%emt 00:00:05]} 26. Kb1 {[%clk 00:01:19]} {[%emt 00:00:52]} Be5 {[%clk
00:13:01]} {[%emt 00:01:14]} 27. Ra7+ {[%clk 00:00:49]} {[%emt 00:00:58]} Kb8
{[%clk 00:11:59]} {[%emt 00:01:33]} 28. Rd5 {[%clk 00:00:58]} {[%emt 00:00:18]}
Rxd5 {[%clk 00:11:52]} {[%emt 00:00:36]} 29. exd5 {[%clk 00:01:08]} {[%emt
00:00:48]} Nc7 {[%clk 00:04:38]} {[%emt 00:07:17]} 30. Nb4 {[%clk 00:00:52]}
{[%emt 00:00:46]} Nd8 {[%clk 00:04:51]} {[%emt 00:00:42]} 31. Nec2 {[%clk
00:00:53]} {[%emt 00:00:08]} Bd6 {[%clk 00:03:46]} {[%emt 00:01:30]} 32. Kxb2
{[%clk 00:00:49]} {[%emt 00:00:34]} g5 {[%clk 00:03:17]} {[%emt 00:01:39]} 33.
a3 {[%clk 00:00:58]} {[%emt 00:00:05]} g4 {[%clk 00:03:37]} 34. Kc3 {[%clk
00:00:33]} {[%emt 00:00:42]} Nb5+ {[%clk 00:03:04]} 35. Kd4 {[%emt 00:01:54]}
Nc7 0-1

[ePGN "0.1;DGT LiveChess/2.2.7"]

[Event "Williamson Sheild 2026"]
[Site "Maynard Sinclaire Pavilion, Stormont, Belfast, United Kingdom"]
[Date "2026.01.23"]
[Round "1.3"]
[White "Coler, Ethan"]
[Black "Wong, James"]
[Result "1-0"]
[TimeControl "60' + 30\""]
[WhiteFideId "2514818"]
[BlackFideId "2514524"]
[WhiteElo "2018"]
[BlackElo "1716"]

1. Nf3 {[%clk 01:00:59]} {[%emt 00:00:36]} Nf6 {[%clk 01:00:33]} {[%emt
00:00:05]} 2. g3 {[%clk 01:01:13]} {[%emt 00:00:04]} g6 {[%clk 01:00:52]}
{[%emt 00:00:22]} 3. Bg2 {[%clk 01:01:39]} Bg7 {[%clk 01:01:04]} {[%emt
00:00:11]} 4. O-O {[%clk 01:02:02]} {[%emt 00:00:09]} O-O {[%clk 01:01:28]}
{[%emt 00:00:10]} 5. d3 {[%clk 01:02:28]} d5 {[%clk 01:01:46]} {[%emt
00:00:10]} 6. Nbd2 {[%clk 01:02:53]} {[%emt 00:00:14]} c5 {[%clk 01:01:26]}
{[%emt 00:00:40]} 7. e4 {[%clk 01:03:18]} {[%emt 00:00:45]} e6 {[%clk
01:00:45]} {[%emt 00:01:13]} 8. Re1 {[%clk 01:03:15]} {[%emt 00:00:04]} Nc6
{[%clk 01:01:04]} {[%emt 00:00:16]} 9. c3 {[%clk 01:03:26]} {[%emt 00:00:09]}
Bd7 {[%clk 00:59:50]} {[%emt 00:02:09]} 10. h4 {[%clk 01:03:00]} {[%emt
00:00:23]} a5 {[%clk 00:57:17]} {[%emt 00:03:06]} 11. Nf1 {[%clk 01:02:29]}
{[%emt 00:00:58]} Ne7 {[%clk 00:55:27]} {[%emt 00:02:34]} 12. e5 {[%clk
01:02:00]} {[%emt 00:01:29]} Ng4 {[%clk 00:54:10]} {[%emt 00:01:05]} 13. Bh3
{[%clk 01:00:25]} {[%emt 00:02:29]} Nh6 {[%clk 00:52:52]} {[%emt 00:01:22]} 14.
g4 {[%clk 00:59:21]} {[%emt 00:01:35]} a4 {[%clk 00:47:39]} {[%emt 00:05:42]}
15. Bd2 {[%clk 00:58:16]} {[%emt 00:02:09]} Bb5 {[%clk 00:44:26]} {[%emt
00:03:09]} 16. Qc1 {[%clk 00:57:11]} {[%emt 00:01:36]} Bxd3 {[%clk 00:41:06]}
{[%emt 00:03:52]} 17. Bxh6 {[%clk 00:57:25]} {[%emt 00:00:18]} Be4 {[%clk
00:41:17]} {[%emt 00:00:16]} 18. Bxg7 {[%clk 00:57:26]} {[%emt 00:01:09]} Kxg7
{[%clk 00:41:34]} 19. Ng5 {[%clk 00:57:30]} {[%emt 00:00:09]} Bd3 {[%clk
00:41:08]} {[%emt 00:00:44]} 20. Qf4 {[%clk 00:56:57]} {[%emt 00:01:27]} Ng8
{[%clk 00:40:53]} {[%emt 00:00:23]} 21. h5 {[%clk 00:56:34]} {[%emt 00:00:54]}
h6 {[%clk 00:39:41]} {[%emt 00:01:40]} 22. Nf3 {[%clk 00:56:20]} {[%emt
00:00:43]} g5 {[%clk 00:39:16]} {[%emt 00:00:54]} 23. Qe3 {[%clk 00:56:19]}
{[%emt 00:00:51]} Be4 {[%clk 00:38:16]} {[%emt 00:01:10]} 24. Ng3 {[%clk
00:56:05]} {[%emt 00:00:43]} f5 {[%clk 00:36:54]} {[%emt 00:01:54]} 25. Nxe4
{[%clk 00:54:58]} {[%emt 00:01:35]} fxe4 {[%clk 00:36:23]} {[%emt 00:01:04]} 26.
Nd2 {[%clk 00:54:27]} {[%emt 00:00:58]} Qc7 {[%clk 00:35:56]} {[%emt 00:00:59]}
27. Nxe4 {[%clk 00:52:08]} {[%emt 00:03:13]} dxe4 {[%clk 00:33:35]} {[%emt
00:02:26]} 28. Qxe4 {[%clk 00:52:32]} {[%emt 00:00:14]} Ne7 {[%clk 00:33:52]}
{[%emt 00:00:05]} 29. Rad1 {[%clk 00:51:47]} {[%emt 00:01:16]} Rf4 {[%clk
00:32:11]} {[%emt 00:02:11]} 30. Qc2 {[%clk 00:49:10]} {[%emt 00:03:03]} Raf8
{[%clk 00:28:56]} {[%emt 00:03:51]} 31. Rd2 {[%clk 00:46:17]} {[%emt 00:03:19]}
Qc6 {[%clk 00:24:10]} {[%emt 00:05:18]} 32. Re3 {[%clk 00:44:55]} {[%emt
00:01:50]} c4 {[%clk 00:18:04]} {[%emt 00:06:44]} 33. Rd4 {[%clk 00:30:47]}
{[%emt 00:14:30]} Rxf2 {[%clk 00:15:42]} {[%emt 00:02:52]} 34. Qxf2 {[%clk
00:30:44]} {[%emt 00:00:41]} Rxf2 {[%clk 00:15:49]} {[%emt 00:00:41]} 35. Kxf2
{[%clk 00:31:12]} Nd5 {[%clk 00:15:39]} {[%emt 00:00:18]} 36. Bg2 {[%clk
00:30:46]} {[%emt 00:00:53]} Qb6 {[%clk 00:14:56]} {[%emt 00:01:14]} 37. Bxd5
{[%clk 00:29:44]} {[%emt 00:01:38]} exd5 {[%clk 00:15:15]} {[%emt 00:00:06]} 38.
Re2 {[%clk 00:29:59]} {[%emt 00:00:40]} Kf7 {[%clk 00:13:23]} {[%emt 00:01:58]}
39. Kg3 {[%clk 00:26:42]} {[%emt 00:03:46]} Ke6 {[%clk 00:11:33]} {[%emt
00:02:25]} 40. Rd1 {[%clk 00:26:06]} {[%emt 00:01:27]} Qc7 {[%clk 00:10:53]}
{[%emt 00:01:12]} 41. Rf1 {[%clk 00:26:25]} Qh7 {[%clk 00:10:03]} {[%emt
00:01:03]} 42. Rf6+ {[%clk 00:26:29]} {[%emt 00:00:55]} Ke7 {[%clk 00:09:51]}
{[%emt 00:00:16]} 43. Rg6 {[%clk 00:26:41]} {[%emt 00:00:15]} Qh8 {[%clk
00:09:34]} {[%emt 00:00:45]} 44. Rb6 {[%clk 00:26:45]} {[%emt 00:00:38]} Qc8
{[%clk 00:07:59]} {[%emt 00:02:24]} 45. Rxh6 {[%clk 00:27:01]} Qc5 {[%clk
00:07:47]} {[%emt 00:01:08]} 46. Kg2 {[%clk 00:26:48]} {[%emt 00:00:10]} d4
{[%clk 00:07:30]} {[%emt 00:00:39]} 47. Rh7+ {[%clk 00:22:05]} {[%emt
00:05:11]} Ke6 {[%clk 00:06:52]} {[%emt 00:01:17]} 48. Rh6+ {[%clk 00:22:04]}
{[%emt 00:00:23]} Ke7 {[%clk 00:06:57]} {[%emt 00:00:25]} 49. e6 {[%clk
00:21:40]} {[%emt 00:00:53]} Qd5+ {[%clk 00:06:39]} {[%emt 00:00:48]} 50. Kf2
{[%clk 00:20:30]} {[%emt 00:01:39]} d3 {[%clk 00:05:41]} {[%emt 00:01:29]} 51.
Re1 {[%clk 00:17:43]} {[%emt 00:03:18]} Qc5+ {[%clk 00:04:09]} {[%emt
00:02:05]} 52. Re3 {[%clk 00:16:40]} {[%emt 00:01:54]} d2 {[%clk 00:04:22]}
{[%emt 00:00:04]} 53. Rh7+ {[%clk 00:17:01]} {[%emt 00:00:05]} Ke8 {[%clk
00:04:03]} {[%emt 00:00:42]} 54. Rd7 {[%clk 00:17:20]} {[%emt 00:00:50]} b5
{[%clk 00:02:46]} {[%emt 00:01:10]} 55. Rxd2 {[%clk 00:17:34]} {[%emt
00:00:24]} Qc7 {[%clk 00:03:00]} {[%emt 00:00:06]} 56. e7 {[%clk 00:16:21]}
{[%emt 00:01:42]} Qh2+ {[%clk 00:02:57]} {[%emt 00:00:33]} 57. Ke1 {[%clk
00:16:23]} {[%emt 00:00:48]} Qg1+ {[%clk 00:03:17]} 58. Ke2 {[%clk 00:16:29]}
{[%emt 00:00:29]} Qxg4+ {[%clk 00:03:33]} {[%emt 00:00:05]} 59. Rf3 {[%clk
00:14:52]} {[%emt 00:02:14]} Kxe7 {[%emt 00:00:24]} 60. Kf2 {[%clk 00:15:05]}
{[%emt 00:00:11]} Qh4+ {[%clk 00:03:10]} {[%emt 00:01:06]} 61. Kg2 {[%clk
00:15:04]} {[%emt 00:00:18]} Qxh5 {[%clk 00:02:55]} {[%emt 00:00:45]} 62. Re2+
{[%clk 00:15:06]} {[%emt 00:00:35]} Kd7 {[%clk 00:03:00]} {[%emt 00:00:41]} 63.
Re5 {[%clk 00:14:44]} {[%emt 00:00:24]} Qg4+ {[%clk 00:03:04]} {[%emt
00:00:41]} 64. Rg3 {[%clk 00:13:29]} {[%emt 00:02:02]} Qf4 {[%clk 00:02:40]}
{[%emt 00:00:30]} 65. Rd5+ {[%clk 00:11:18]} {[%emt 00:02:49]} Kc6 {[%clk
00:02:55]} {[%emt 00:00:05]} 66. Rgxg5 {[%clk 00:11:38]} {[%emt 00:00:13]} Qe4+
{[%clk 00:03:10]} {[%emt 00:00:10]} 67. Kg3 {[%clk 00:11:32]} {[%emt 00:00:44]}
Qxd5 {[%clk 00:03:21]} {[%emt 00:00:40]} 68. Rxd5 {[%clk 00:11:58]} Kxd5 {[%clk
00:03:44]} 69. Kf4 {[%clk 00:11:59]} {[%emt 00:00:13]} b4 {[%clk 00:03:47]}
{[%emt 00:00:28]} 70. a3 {[%clk 00:12:10]} {[%emt 00:00:16]} bxa3 {[%clk
00:03:17]} {[%emt 00:01:00]} 71. bxa3 {[%clk 00:12:36]} {[%emt 00:00:40]} Kc5
{[%clk 00:03:39]} 72. Ke5 {[%clk 00:12:58]} {[%emt 00:00:04]} Kb6 {[%clk
00:03:50]} {[%emt 00:00:04]} 73. Kd4 {[%clk 00:13:19]} {[%emt 00:00:05]} Kb5
{[%clk 00:04:02]} {[%emt 00:00:25]} 74. Kd5 {[%clk 00:13:45]} Ka5 {[%clk
00:04:11]} {[%emt 00:00:37]} 75. Kxc4 {[%clk 00:14:09]} {[%emt 00:00:04]} 1-0

[ePGN "0.1;DGT LiveChess/2.2.7"]

[Event "Williamson Sheild 2026"]
[Site "Maynard Sinclaire Pavilion, Stormont, Belfast, United Kingdom"]
[Date "2026.01.23"]
[Round "1.4"]
[White "Garvin, David"]
[Black "Landmark, Gabriel"]
[Result "0-1"]
[TimeControl "60' + 30\""]
[WhiteFideId "2156985"]
[BlackFideId "2524848"]
[WhiteElo "1680"]
[BlackElo "1953"]

1. e4 {[%clk 01:00:57]} {[%emt 00:00:05]} c5 {[%clk 01:00:50]} {[%emt
00:00:08]} 2. Ne2 {[%clk 01:01:14]} {[%emt 00:00:10]} Nc6 {[%clk 01:01:12]}
{[%emt 00:00:38]} 3. g3 {[%clk 01:01:33]} g6 {[%clk 01:00:45]} {[%emt
00:00:42]} 4. Bg2 {[%clk 01:01:52]} {[%emt 00:00:20]} Bg7 {[%clk 01:01:05]}
{[%emt 00:00:10]} 5. O-O {[%clk 01:01:56]} {[%emt 00:00:44]} Nf6 {[%clk
01:01:19]} 6. Nbc3 {[%clk 01:01:15]} {[%emt 00:00:57]} O-O {[%clk 01:01:16]}
{[%emt 00:00:39]} 7. Nf4 {[%clk 01:00:41]} {[%emt 00:00:58]} d6 {[%clk
01:00:53]} {[%emt 00:00:55]} 8. d3 {[%clk 00:59:20]} {[%emt 00:01:48]} e5
{[%clk 00:57:41]} {[%emt 00:03:46]} 9. Nfd5 {[%clk 00:59:12]} {[%emt 00:01:00]}
Nxd5 {[%clk 00:57:54]} {[%emt 00:00:05]} 10. Nxd5 {[%clk 00:58:05]} {[%emt
00:01:22]} Be6 {[%clk 00:57:29]} {[%emt 00:00:56]} 11. c3 {[%clk 00:57:20]}
{[%emt 00:01:15]} Bxd5 {[%clk 00:57:39]} {[%emt 00:00:45]} 12. exd5 {[%clk
00:57:38]} Ne7 {[%clk 00:57:58]} {[%emt 00:00:04]} 13. c4 {[%clk 00:53:10]}
{[%emt 00:04:52]} f5 {[%clk 00:57:17]} {[%emt 00:01:11]} 14. Bg5 {[%clk
00:50:27]} {[%emt 00:03:13]} Qd7 {[%clk 00:55:26]} {[%emt 00:02:33]} 15. Bxe7
{[%clk 00:49:57]} {[%emt 00:00:46]} Qxe7 {[%clk 00:55:49]} {[%emt 00:00:41]} 16.
Qd2 {[%clk 00:49:34]} {[%emt 00:00:47]} g5 {[%clk 00:54:59]} {[%emt 00:00:53]}
17. Rae1 {[%clk 00:43:04]} {[%emt 00:07:00]} Qf6 {[%clk 00:53:35]} {[%emt
00:01:54]} 18. b3 {[%clk 00:40:37]} {[%emt 00:02:58]} g4 {[%clk 00:52:27]}
{[%emt 00:01:38]} 19. h4 {[%clk 00:32:58]} {[%emt 00:08:43]} gxh3 {[%clk
00:50:47]} {[%emt 00:01:36]} 20. Bxh3 {[%clk 00:33:17]} {[%emt 00:00:40]} Bh6
{[%clk 00:50:23]} {[%emt 00:00:25]} 21. Qd1 {[%clk 00:32:34]} {[%emt 00:01:13]}
Kh8 {[%clk 00:48:25]} {[%emt 00:02:30]} 22. Kg2 {[%clk 00:27:37]} {[%emt
00:05:51]} Rg8 {[%clk 00:44:54]} {[%emt 00:03:34]} 23. Rh1 {[%clk 00:25:39]}
{[%emt 00:02:55]} Qg6 {[%clk 00:39:02]} {[%emt 00:05:56]} 24. Bxf5 {[%clk
00:23:38]} {[%emt 00:02:30]} Qxf5 {[%clk 00:30:30]} {[%emt 00:09:02]} 25. Rxh6
{[%clk 00:24:00]} {[%emt 00:00:37]} Raf8 {[%clk 00:30:33]} {[%emt 00:00:05]} 26.
Qd2 {[%clk 00:22:51]} {[%emt 00:02:10]} Qf3+ {[%clk 00:30:24]} {[%emt
00:00:09]} 27. Kg1 {[%clk 00:20:45]} {[%emt 00:02:53]} Rxg3+ {[%clk 00:25:20]}
{[%emt 00:05:10]} 28. fxg3 {[%clk 00:15:57]} {[%emt 00:05:16]} Qxg3+ {[%clk
00:25:43]} {[%emt 00:00:14]} 29. Kh1 {[%clk 00:16:03]} {[%emt 00:00:17]} Rf2
{[%clk 00:26:02]} {[%emt 00:00:18]} 30. Qxf2 {[%clk 00:06:41]} {[%emt
00:10:15]} Qxf2 {[%clk 00:26:25]} 31. Rg1 {[%clk 00:07:02]} Qe3 {[%clk
00:26:42]} {[%emt 00:00:17]} 32. Rxd6 {[%clk 00:06:56]} {[%emt 00:00:18]} Qh3#
{[%clk 00:25:51]} {[%emt 00:00:17]} 0-1

[ePGN "0.1;DGT LiveChess/2.2.7"]